Statistics for FBS Sun Belt Conference teams

Click here to take the quiz!

General Stats

  • This quiz has been taken 16 times
  • The average score is 11 of 14

Answer Stats

Answer% Correct
James Madison
100%
Appalachian State
83%
Coastal Carolina
83%
Georgia Southern
83%
Georgia State
83%
Louisiana-Lafayette
83%
Marshall
83%
Old Dominion
83%
Southern Mississippi
83%
Louisiana-Monroe
75%
South Alabama
75%
Texas State
75%
Troy
75%
Arkansas State
67%

Score Distribution

Percentile by Number Answered

Percent of People with Each Score

Your Score History

You have not taken this quiz